000 00547nam a22001937a 4500
005 20251108164920.0
008 250721s9999 xx 000 0 ara d
082 1 4 _a649.1/خله
100 1 _aخله، إميل
245 1 0 _aطفلك يوم بيوم /
264 1 _aالقاهره :
_bالمكتب العربي للمعارف،
_c[19-].
300 _a227ص
650 1 7 _aرعاية الطفولة
650 1 7 _aطب الأطفال
650 1 7 _aتغذية الطفل
650 1 7 _aصحة الطفل
942 _2ddc
_cBK
999 _c17357
_d17357